THE BORON ALLOYING OF THE CAST IRON

Bibliographic Details
Main Author: Wołyński, Andrzej (Author)
Format: Article
Language:English
ISBN:808891471X

MARC

LEADER 00000naa a2200000uu 4500
001 vtls010940875
003 SK-MaSNL
005 20260302123120.0
008 210906|2002 xo |||||||||||||||||eng|
015 |a SNBRA 
035 |a (urnnbn)urn:nbn:sk:snk:ar-a0bbmy 
035 |a (uuid)c2ee897d-2370-44d4-ab51-bcc7d1d2e730 
035 |a urn:nbn:sk:snk-aau3wv 
040 |a SNKBUCL  |b slo  |c SNKBUCL  |e AACR2 
041 0 |a eng 
044 |a xo  |c SK 
100 1 |a Wołyński, Andrzej  |4 aut  |9 780938 
245 1 0 |a THE BORON ALLOYING OF THE CAST IRON  |c Andrzej Wołyński 
246 3 |a LEGOVANIE SIVEJ LIATINY BÓROM 
773 0 |t Funkčné povrchy 2002  |d V Trenčíne : [Trenčianska univerzita], 2002  |g S. 219-223  |z 808891471X 
958 |a OND 
958 |a article11 
958 |a chapter 
999 |c 1281413  |d 1283343